<?xml version="1.0" encoding="UTF-8"?><?xml-stylesheet type="text/xsl" href="static/style.xsl"?><OAI-PMH xmlns="http://www.openarchives.org/OAI/2.0/" xmlns:xsi="http://www.w3.org/2001/XMLSchema-instance" xsi:schemaLocation="http://www.openarchives.org/OAI/2.0/ http://www.openarchives.org/OAI/2.0/OAI-PMH.xsd"><responseDate>2026-06-04T08:37:36Z</responseDate><request verb="GetRecord" identifier="oai:recam.amb.cat:20.500.14439/2388" metadataPrefix="marc">https://recam.amb.cat/rest/oai/request</request><GetRecord><record><header><identifier>oai:recam.amb.cat:20.500.14439/2388</identifier><datestamp>2025-03-26T10:35:53Z</datestamp><setSpec>com_20.500.14439_126</setSpec><setSpec>col_20.500.14439_141</setSpec></header><metadata><record xmlns="http://www.loc.gov/MARC21/slim" xmlns:dcterms="http://purl.org/dc/terms/" xmlns:xsi="http://www.w3.org/2001/XMLSchema-instance" xmlns:doc="http://www.lyncode.com/xoai" xsi:schemaLocation="http://www.loc.gov/MARC21/slim http://www.loc.gov/standards/marcxml/schema/MARC21slim.xsd">
   <leader>00925njm 22002777a 4500</leader>
   <datafield ind2=" " ind1=" " tag="042">
      <subfield code="a">dc</subfield>
   </datafield>
   <datafield ind2=" " ind1=" " tag="720">
      <subfield code="a">Àrea Metropolitana de Barcelona</subfield>
      <subfield code="e">author</subfield>
   </datafield>
   <datafield ind2=" " ind1=" " tag="260">
      <subfield code="c">2017-09-01</subfield>
   </datafield>
   <datafield ind2=" " ind1=" " tag="520">
      <subfield code="a">L'AMB, dins del Pla de Millora de la Biodiversitat, desenvolupa diferents línies d'actuació per afavorir la presència de fauna en els parcs metropolitans. Una de les actuacions és la col·locació de caixes niu per afavorir la nidificació i/o refugi d'ocells insectívors (mallerengues, raspinells, papamosques, pit-roigs, cotxes, etc.), rapinyaires nocturns (xot i gamarús, mussol comú), ratpenats i eriçons. Aquest document és un recull de les làmines informatives que acompanyen una mostra de caixes niu, refugi d'eriçons i menjadores, que s'exposen en les aules d'educació ambiental i Jugatecambientals dels parcs metropolitans, amb l'objectiu de difondre el seu valor ecològic i desenvolupar activitats educatives relacionades.</subfield>
   </datafield>
   <datafield ind1="8" ind2=" " tag="024">
      <subfield code="a">https://hdl.handle.net/20.500.14439/2388</subfield>
   </datafield>
   <datafield ind1="8" ind2=" " tag="024">
      <subfield code="a">6548211</subfield>
   </datafield>
   <datafield tag="653" ind2=" " ind1=" ">
      <subfield code="a">Fauna</subfield>
   </datafield>
   <datafield tag="653" ind2=" " ind1=" ">
      <subfield code="a">Ocells</subfield>
   </datafield>
   <datafield ind2="0" ind1="0" tag="245">
      <subfield code="a">Caixes niu als parcs metropolitans</subfield>
   </datafield>
</record></metadata></record></GetRecord></OAI-PMH>